Top 5 Best MLB teams of the 90's - Statistics

General Stats
  • This quiz has been taken 758 times
  • The average score is 3 of 5
Answer Stats
Wins Team % Correct
851 New York Yankees
98%
925 Atlanta Braves
80%
814 Boston Red Sox
69%
817 Cleveland Indians
49%
816 Chicago White Sox
32%
No matching quizzes found
Score Distribution
Percent of People with Each Score
Percentile by Number Answered
Your Score History
You have not taken this quiz